| 000 | 00892nam a2200229 a 4500 | ||
|---|---|---|---|
| 005 | 20240925064729.0 | ||
| 008 | 991125s1997 mx 000 0 spa u | ||
| 035 | _aUPN01000021788 | ||
| 049 | _aTES | ||
| 099 | _a13725 | ||
| 100 | 1 | _aMireles Trevizo, Nancy | |
| 245 | 1 | 0 |
_aEstrategias didácticas para favorecer en el niño de educación preescolar el conocimiento y la conservación de su entorno natural / _cNancy Mireles Trevizo. |
| 260 |
_aChihuahua : _bN. Mireles Trevizo, _c1997. |
||
| 300 | _a55 h. | ||
| 500 | _a"Unidad 08A" | ||
| 502 | _aPropuesta pedagógica (Lic. en Educación Primaria) -- Universidad Pedagógica Nacional, 1997 | ||
| 650 | 2 |
_aEcología _zMéxico _914261 |
|
| 650 | 4 |
_aEDUCACION PREESCOLAR - _xFINES Y OBJETIVOS _95404 |
|
| 650 | 7 |
_aPolítica ambiental _2 _91340 |
|
| 710 | 2 |
_aUniversidad Pedagógica Nacional (México). _bUnidad 08A _928405 |
|
| 905 | _aTesis | ||
| 999 |
_c21788 _d21788 |
||